O problema feminino e a questão social (Registo nº 199064)

Detalhes MARC
000 -Etiqueta do registo
Valores 00567nam 22001813 4500
100 ## - Dados gerais de processamento
Dados gerais 20251117d u||y0pory50 ba
200 ## - Titulo e menção de responsabilidade
Título próprio O problema feminino e a questão social
Primeira menção de responsabilidade organização e prefácio Helena Neves
210 ## - Publicação
Local de publicação Lisboa
Nome do editor Prelo
Data de publicação 1973
215 ## - Descrição física 
Paginação / Volumes 234, [6] p.
Outras indicações físicas brochado
Dimensões 19 cm
606 ## - Nome comum usado como assunto
ID Autoridade 35
Palavra de ordem Sociologia. Demografia.Estatística
610 ## - Termos não controlados
Palavra de ordem mulher na família, na sociedade na revolução
675 ## - CDU
Notação 31
Edição PT
Língua por
702 ## - Autor secundário (pessoa individual)
ID Autoridade 4165
Apelido Neves
Nome Helena
Datas 1945-
801 ## - Fonte de origem
País PT
Agência BMMN
Regras de catalogação RPC
830 ## - Notas gerais do catalogador
Criado por Vanda
990 ## - Elementos KOHA
Tipo de documento Livro
Exemplares
Situação do levantamento Biblioteca de origem Código de barras Cota Permissão de empréstimo Tipo de documento Forma de aquisição
  Biblioteca Municipal de Montemor-o-Novo 27782 31 PRO|DEP   Livro Compra

Powered by Koha